| 000 | 00736nam a2200205Ia 4500 | ||
|---|---|---|---|
| 001 | 13964 | ||
| 003 | GE_BSU | ||
| 008 | 181216s||||||||xx |||||||||||||| ||und|| | ||
| 040 | _cGE_BSU | ||
| 080 | _a621.789(035.5) | ||
| 100 | _aПопилов,Л.Я. | ||
| 245 | _aСправочник по электрическим и ультразвуковым методам обработки материалов. | ||
| 245 | _cРед. А.Б.Аренков. | ||
| 260 | _aЛ. | ||
| 260 | _bМашгиз. | ||
| 260 | _c1963. | ||
| 300 | _a480 стр. с илл. 22 см. | ||
| 653 | _aСправочник по электрическим и ультразвуковым методам обработки материалов. | ||
| 942 | _cBK | ||
| 999 |
_c47107 _d47107 |
||